Library of the University of Algiers 3
Ibrahim Sultan Cheibout
شعار جامعة الجزائر 3
مكتبة جامعة الجزائر 3
إبراهيم سلطان شيبوط

دور المجتمع المدني في تنمية الموارد البشرية : (رقم التسجيلة. 41289)

تفاصيل مارك
000 -LEADER
fixed length control field 01939nam a2200229Ia 4500
003 - CONTROL NUMBER IDENTIFIER
control field Ost
005 - DATE AND TIME OF LATEST TRANSACTION
control field 20260416102358.0
008 - FIXED-LENGTH DATA ELEMENTS--GENERAL INFORMATION
fixed length control field 260416s9999||||xx |||||||||||||| ||und||
040 ## - CATALOGING SOURCE
Transcribing agency fsecg
041 ## - LANGUAGE CODE
Language code of text/sound track or separate title ara
082 ## - DEWEY DECIMAL CLASSIFICATION NUMBER
Classification number 361.77
100 ## - MAIN ENTRY--PERSONAL NAME
Personal name مرزود، حسين
Relator term مؤلف
245 #0 - TITLE STATEMENT
Title دور المجتمع المدني في تنمية الموارد البشرية :
Remainder of title مطبوعة موجهة لطلبة الماستر السداسي الثاني تخص ادارة الموارد البشرية /
Statement of responsibility, etc. حسين مرزود
260 ## - PUBLICATION, DISTRIBUTION, ETC.
Place of publication, distribution, etc. الجزائر
Name of publisher, distributor, etc. جامعة الجزائر3: كلية العلوم الإقتصادية، العلوم التجارية وعلوم التسيير
Date of publication, distribution, etc. 2021
300 ## - PHYSICAL DESCRIPTION
Extent 113 ورقة
Other physical details ايضاحات
Dimensions 30 سم
504 ## - BIBLIOGRAPHY, ETC. NOTE
Bibliography, etc. note مراجع ص.109
520 ## - SUMMARY, ETC.
Summary, etc. نشاة و تطور المجتمع المدني و تعريفه ، مكوناته و خصائصه ، وظائفه و أهميته ، وسائل و أدوات المجتمع المدني ، أهدافه و تصنيفاته ، المداخل النظرية لدراسة المجتمع المدني و المداخل النظرية لدراسة المجتمع المدني في الوطن العربي ، مصادر و عوامل قوة تأثير تنظيمات المجتمع المدني ، علاقة مؤسسات الدولة بتنظيمات المجتمع المدني ، درجة استقلالية و مقومات تنظيمات المجتمع المدني ، المجتمع المدني في الجزائر ، دور منظمات المجتمع المدني في تنمية الموارد البشرية ، صعوبات و عراقيل المجتمع المدني .
653 ## - INDEX TERM--UNCONTROLLED
Uncontrolled term ادارة الافراد
653 ## - INDEX TERM--UNCONTROLLED
Uncontrolled term المجتمع المدني
710 ## - ADDED ENTRY--CORPORATE NAME
Corporate name or jurisdiction name as entry element جامعة الجزائر3: كلية العلوم الإقتصادية، العلوم التجارية وعلوم التسيير
Relator term ناشر علمي
942 ## - ADDED ENTRY ELEMENTS (KOHA)
Koha item type مطبوعات
المقتنيات
Withdrawn status Lost status Source of classification or shelving scheme Damaged status Not for loan Home library Current library Date acquired Serial enumeration / chronology Inventory number Total checkouts Full call number Barcode Date last seen Price effective from Koha item type
    Dewey Decimal Classification   NOT LOAN / إعارة داخلية مكتبة كلية العلوم الإقتصادية والعلوم التجارية وعلوم التسيير مكتبة كلية العلوم الإقتصادية والعلوم التجارية وعلوم التسيير 16/04/2026 الطابق الثاني مط.505-1   مط.505 ن1 مط.505-1 16/04/2026 16/04/2026 مطبوعات

موارد الويب المفتوحة


© University of Algiers 3 All Rights Reserved
|
Implemented by LECHELAH Riad